| 000 | 00534nam a2200217Ia 4500 | ||
|---|---|---|---|
| 003 | 0100 | ||
| 008 | 130303s9999 xx 000 0 und d | ||
| 040 | _cARRUPELIB | ||
| 050 | _aBF576.G65 | ||
| 100 | _aGoleman, Daniel | ||
| 245 | _aEmotional intelligence | ||
| 260 | _aNew York | ||
| 260 | _bBantam Books | ||
| 260 | _C1994 | ||
| 300 | _a358p. | ||
| 300 | _b 23 cm | ||
| 650 | _bImagination | ||
| 650 | _cReligion and literature | ||
| 650 | _dEnglish literature--19th century--History and criticism | ||
| 942 |
_2lcc _03 |
||
| 999 |
_c66455 _d66455 |
||